Planning and management of lakes and reservoirs : (Record no. 158676)

MARC details
000 -LEADER
fixed length control field 00860cam a2200241Ia 4500
008 - FIXED-LENGTH DATA ELEMENTS--GENERAL INFORMATION
fixed length control field
020 ## - INTERNATIONAL STANDARD BOOK NUMBER
International Standard Book Number 928071810X (pbk.)
049 ## - LOCAL HOLDINGS (OCLC)
Holding library MAIN
090 ## - LOCALLY ASSIGNED LC-TYPE CALL NUMBER (OCLC); LOCAL CALL NUMBER (RLIN)
Classification number (OCLC) (R) ; Classification number, CALL (RLIN) (NR) QH96.8.E9
003 - CONTROL NUMBER IDENTIFIER
control field
005 - DATE AND TIME OF LATEST TRANSACTION
control field 20230123134024.0
040 ## - CATALOGING SOURCE
Transcribing agency NUST
245 00 - TITLE STATEMENT
Title Planning and management of lakes and reservoirs :
Remainder of title an integrated approach to eutrophication : a students guide /
Statement of responsibility, etc. UNEP-IETC.
250 ## - EDITION STATEMENT
Edition statement Abridged version.
260 ## - PUBLICATION, DISTRIBUTION, ETC.
Place of publication, distribution, etc. Osaka :
Name of publisher, distributor, etc. UNEP International Environmental Technology Centre,
Date of publication, distribution, etc. c2000.
300 ## - PHYSICAL DESCRIPTION
Extent iv, 67 p. :
Other physical details ill. ;
Dimensions 20 cm.
440 1# - SERIES STATEMENT/ADDED ENTRY--TITLE
Title IETC technical publication series ;
Volume/sequential designation issue 12.
650 #0 - SUBJECT ADDED ENTRY--TOPICAL TERM
Topical term or geographic name entry element Eutrophication
General subdivision Control.
650 #0 - SUBJECT ADDED ENTRY--TOPICAL TERM
Topical term or geographic name entry element Environmental management.
710 2# - ADDED ENTRY--CORPORATE NAME
Corporate name or jurisdiction name as entry element UNEP International Environmental Technology Centre.
907 ## - LOCAL DATA ELEMENT G, LDG (RLIN)
a .b10165630
b 16-01-06
c 20-06-05
942 ## - ADDED ENTRY ELEMENTS (KOHA)
Koha item type Ordinary Loan Books
Call number prefix QH96.8.E9
Holdings
Date last seen Total Checkouts Full call number Barcode Cost, replacement price Price effective from Koha item type Lost status Source of classification or shelving scheme Damaged status Not for loan Collection Withdrawn status Home library Current library Shelving location Date acquired Cost, normal purchase price
01/23/2023 2 QH96.8.E9 BLA 92003000329 80.00 01/23/2023 BOOKS   LCC     NFIC   MAIN MAIN GEN 01/23/2023 80.00